=LDR 00000nam 2200000 4500 =001 NUTBA000000000002937 =005 20140711161622.0 =006 =007 =008 =020 ##$$a 0-684-800-56-X =035 ##$$a 0010-071400000000125 =082 ##$$a 158 =100 ##$$a ANTHONY ROBBINS =245 ##$$a NOTES FROM A FRIEND =260 ##$$a JAKARTA $b MULTI MEDIA $c 1995 =990 ##$$a 21400613/BPAP-NTB/20142014